Introduction to advanced fluid dynamics and fluvial processes (Record no. 1237827)

MARC details
000 -LEADER
fixed length control field 00727nam a2200241Ia 4500
005 - DATE AND TIME OF LATEST TRANSACTION
control field 20250117103607.0
008 - FIXED-LENGTH DATA ELEMENTS--GENERAL INFORMATION
fixed length control field 008 250103s9999 xx 000 0 eng d
020 ## - INTERNATIONAL STANDARD BOOK NUMBER
International Standard Book Number 9780367428983
037 ## - SOURCE OF ACQUISITION
Stock number Textual
040 ## - CATALOGING SOURCE
Original cataloging agency CSL
Language of cataloging eng
Transcribing agency CSL
041 ## - LANGUAGE CODE
Language code of text/sound track or separate title eng
Source of code eng
084 ## - COLON CLASSIFICATION NUMBER
Classification number B75:3 R4
Assigning agency CSL
100 ## - MAIN ENTRY--PERSONAL NAME
Personal name Mazumder, B S
9 (RLIN) 731855
245 #0 - TITLE STATEMENT
Title Introduction to advanced fluid dynamics and fluvial processes
Statement of responsibility, etc. Mazumder, B S; Eldho, T I
260 ## - PUBLICATION, DISTRIBUTION, ETC.
Place of publication, distribution, etc. Boca raton
Name of publisher, distributor, etc. CRC Press/T&F Newyork
Date of publication, distribution, etc. 2024
300 ## - PHYSICAL DESCRIPTION
Extent xx,639p. col.ill
650 ## - SUBJECT ADDED ENTRY--TOPICAL TERM
Topical term or geographic name entry element Nanoantennas
9 (RLIN) 734093
650 ## - SUBJECT ADDED ENTRY--TOPICAL TERM
Topical term or geographic name entry element Physics
650 ## - SUBJECT ADDED ENTRY--TOPICAL TERM
Topical term or geographic name entry element plaemonics
9 (RLIN) 734094
700 ## - ADDED ENTRY--PERSONAL NAME
Personal name Eldho, T I
9 (RLIN) 731857
942 ## - ADDED ENTRY ELEMENTS (KOHA)
Koha item type Textual
Classification part B75:3 R4
Holdings
Withdrawn status Lost status Damaged status Not for loan Home library Current library Date acquired Source of acquisition Inventory number Total Checkouts Full call number Barcode Date last seen Price effective from Koha item type
        Central Science Library Central Science Library 2025-01-17 Monika Book Distributors 497, 08/01/2024   B75:3 R4 SL1655777 2025-01-17 2025-01-17 Textual
Copyright @ Delhi University Library System